01141nam a2200301 a 4500001001300000003000900013005001700022008004100039020001800080040002800098043002200126082002500148100004300173240003700216245004200253260004600295300002900341490004300370650002800413650002700441650005000468650005400518651005400572651005800626942001200684999001700696952012600713C01440616c-8CO-ViMGA20230915232212.0150302s2014 ck gr 00010 spa d a9789588794341 aCO-ViMGAbspacCO-ViMGA as-ck--- ae-sp---04aCo863.6 bR84s3 2191 aRuíz Gómez, Darío, d1938-9251310aBogotá-Bibliografía regional14aLas sombras / cDarío Ruiz Gómez. aMedellín : bSílaba Editores, c2014. a254 páginas ; c24 cm.1 aColección trazos y sílabas. Novela14aNovela colombiana.958814aViajesv Novela.9251414aViolenciaz Madrid (España)v Novela.9251514aViolenciaz Medellín (Colombia)v Novela.92516 4aMadrid (España)x Descripciónv Novela.92517 4aMedellín (Colombia)x Descripciónv Novela.92518 2ddccBK c33812d33812 00102ddc40708003aMEVIECARbMEVIECARd2016-02-25l0oCo863.6 R84s3p29727r2019-06-10 00:00:00tEj. 1w2016-02-25yBK